000 00882cab a2200265 4500
001 ABS51228
008 090401t1994 xxu||||| |||| 00| 0 eng d
035 _a(Sirsi) u15908
041 _aeng
100 _aByrne, P.
245 _aComputing Markowitz efficient frontiers using a spreadsheet optimizer
260 _c1994
350 _a0
490 _aJournal of Property Finance
_v5(1) 1994, 58-66(9)
520 _aDiscusses the calculation of the `Efficient Frontier`, the boundary of risk/return, for combinations of assets, using a spreadsheet optimiser.
650 _aINVESTMENT ANALYSIS
650 _aMULTI-ASSET PORTFOLIO
650 _aPORTFOLIO THEORY
650 _aSOFTWARE PACKAGES
650 _aSPREADSHEETS
690 _aPROPERTY-COMMERCIAL PROPERTY-COMMERCIAL PROPERTY FINANCE AND INVESTMENT
700 _aLee, S.
942 _n0
948 _c04/03/1997
999 _c10474
_d10474